000 00637nam a2200253Ia 4500
005 20260306145517.0
008 008 260114s9999 xx 000 0 eng d
020 _a9780824883577
037 _aEbook
040 _aCRL
040 _beng
040 _cCRL
041 _2eng
041 _aeng
084 _qCRL
100 _aKaplan, UriRowe, Mark Michael
_91123945
245 0 _aMonastic Education in Korea
260 _bUniversity of Hawaii Press
260 _c2020
650 _aTheology and Religion
_91123750
856 _uhttps://www.degruyter.com/isbn/9780824883577
942 _cEBOOK
999 _c1688789
_d1688789